Central Library, Doon University
WEBOPAC (ONLINE PUBLIC ACCESS CATALOGUE)

Hindu temples what happened to them (Record no. 60342)

MARC details
000 -LEADER
fixed length control field 00491nam a22001817a 4500
005 - DATE & TIME
control field 20260217131241.0
008 - FIXED-LENGTH DATA ELEMENTS--GENERAL INFORMATION
fixed length control field 260217b |||||||| |||| 00| 0 eng d
020 ## - ISBN
International Standard Book Number 9788185990941
Price 450.00
040 ## - CATALOGING SOURCE
Original cataloging agency Doon University
041 ## - Language
Language English
082 ## - DDC NUMBER
Classification number 294.535
Book Number HIN
100 ## - MAIN ENTRY--PERSONAL NAME
Personal name Goel, Sita Ram
245 ## - TITLE STATEMENT
Title Hindu temples what happened to them
Sub Title : The Islamic Evidence
260 ## - PUBLICATION, DISTRIBUTION, ETC. (IMPRINT)
Place of publication, distribution, etc Dew Delhi
Name of publisher, distributor, etc Voice of India
Date of publication, distribution, etc 2025
300 ## - PHYSICAL DESCRIPTION
Pages 440
Other Details Vol.2nd
650 ## - Subject
Subject General Books
942 ## - ADDED ENTRY ELEMENTS (KOHA)
Koha item type Books
100 ## - MAIN ENTRY--PERSONAL NAME
-- 26296
952 ## - LOCATION AND ITEM INFORMATION (KOHA)
-- 2026-02-17
Holdings
Withdrawn status Lost status Source of classification or shelving scheme Damaged status Not for loan Location (home branch) Sublocation or collection (holding branch) Date acquired Koha full call number Accession No. Koha date last seen Koha item type
          Doon University Doon University 17.02.2026 294.535 HIN 52674 17.02.2026 Reference
Contact : +91-135-2533126 (Library),+91-135-2533105 (Admin Office) , Email : doonlibrary@gmail.com

Powered by Koha